<?xml version="1.0" encoding="UTF-8"?>
<record
    xmlns:xsi="http://www.w3.org/2001/XMLSchema-instance"
    xsi:schemaLocation="http://www.loc.gov/MARC21/slim http://www.loc.gov/standards/marcxml/schema/MARC21slim.xsd"
    xmlns="http://www.loc.gov/MARC21/slim">

  <leader>02627    a2200325   4500</leader>
  <controlfield tag="003">Nust</controlfield>
  <controlfield tag="005">20230127121026.0</controlfield>
  <datafield tag="010" ind1=" " ind2=" ">
    <subfield code="a">   98195865</subfield>
  </datafield>
  <datafield tag="020" ind1=" " ind2=" ">
    <subfield code="a">0192834061</subfield>
  </datafield>
  <datafield tag="040" ind1=" " ind2=" ">
    <subfield code="c">Nust</subfield>
  </datafield>
  <datafield tag="082" ind1="0" ind2="0">
    <subfield code="a">823.8,HAR</subfield>
  </datafield>
  <datafield tag="100" ind1="1" ind2=" ">
    <subfield code="a">Hardy, Thomas,</subfield>
    <subfield code="9">27910</subfield>
  </datafield>
  <datafield tag="245" ind1="1" ind2="4">
    <subfield code="a">The return of the native /</subfield>
    <subfield code="c">Thomas Hardy ; edited with an introduction and notes on revisions by Simon Gatrell ; explanatory notes by Nancy Barrineau.</subfield>
  </datafield>
  <datafield tag="260" ind1=" " ind2=" ">
    <subfield code="a">Oxford [England] ;</subfield>
    <subfield code="a">New York :</subfield>
    <subfield code="b">Oxford University Press,</subfield>
    <subfield code="c">1998.</subfield>
  </datafield>
  <datafield tag="300" ind1=" " ind2=" ">
    <subfield code="a">xxxvii, 473 p. ;</subfield>
    <subfield code="c">20 cm.</subfield>
  </datafield>
  <datafield tag="490" ind1="1" ind2=" ">
    <subfield code="a">Oxford world's classics</subfield>
  </datafield>
  <datafield tag="505" ind1=" " ind2=" ">
    <subfield code="a">A Face on which time makes but little Impression (Page-3), Humanity appears upon the Scene hand in hand with Trouble (Page-7), The Custom of the Country (Page-13), The Halt on the Turnpike-Road (Page-33), Perplexity among honest people (Page-38), The Figure against the Sky (Page-50), Queen of Night (Page-63), Those who are found where there is said to be nobody (Page-69), Love Leads a Shrewd man (Page-74), Tidings of the Comer (Page-105), The People at Blooms end make Ready (Page-110), Eustacia is Led onto an Adventure (Page-120), Through the Moonlight (Page-130), A Coalition between Beauty and oddness (Page-148), Firmness is Discovered in a Gentle Heart (Page-157), My Mind to me a Kingdom The New Course causes Disappointment (Page-174), Sharp words are Spoken and a Crisis Ensues (Page-203), The Morning and the Evening of an Evenful Day (Page-217), A New force Disturbs the Current (Page-230), The Rencounter by the Pool (Page-241), He is set upon by Adversities (Page-248), She Goes out to Battle Against Depression (Page-258), The Tragical Meeting of two old Friends (Page-292), Eustacia hears of Good Fortune (Page-300), Wherefore is Light given to him (Page-311), A Lurid Light Breaks in upon a Darkened (Page-319), Thomasin Argues with the Cousin (Page-347), Rain Darkness and Anzious Wanderers (Page-362), Sights and Sounds draw the Wanderers together (Page-372), The Inevitable Movement Onward (Page-385), Thomasin Walks in a Green Place (Page-394), Cheerfulness again asserts itself at Blooms end and Clym finds his Acocation (Page-403)</subfield>
  </datafield>
  <datafield tag="650" ind1=" " ind2="0">
    <subfield code="a">Adultery</subfield>
    <subfield code="9">107877</subfield>
  </datafield>
  <datafield tag="650" ind1=" " ind2="0">
    <subfield code="a">Heathlands</subfield>
    <subfield code="9">27965</subfield>
  </datafield>
  <datafield tag="650" ind1=" " ind2="0">
    <subfield code="a">Mate selection</subfield>
    <subfield code="9">107878</subfield>
  </datafield>
  <datafield tag="650" ind1=" " ind2="0">
    <subfield code="a">Mothers and sons</subfield>
    <subfield code="9">27964</subfield>
  </datafield>
  <datafield tag="650" ind1=" " ind2="0">
    <subfield code="a">People with visual disabilities</subfield>
    <subfield code="9">27963</subfield>
  </datafield>
  <datafield tag="651" ind1=" " ind2="0">
    <subfield code="a">Wessex (England)</subfield>
  </datafield>
  <datafield tag="655" ind1=" " ind2="7">
    <subfield code="a">Didactic fiction.</subfield>
    <subfield code="9">1062</subfield>
  </datafield>
  <datafield tag="655" ind1=" " ind2="7">
    <subfield code="a">Love stories.</subfield>
  </datafield>
  <datafield tag="700" ind1="1" ind2=" ">
    <subfield code="a">Barrineau, Nancy.</subfield>
    <subfield code="9">107879</subfield>
  </datafield>
  <datafield tag="700" ind1="1" ind2=" ">
    <subfield code="a">Gatrell, Simon.</subfield>
    <subfield code="9">107880</subfield>
  </datafield>
  <datafield tag="830" ind1=" " ind2="0">
    <subfield code="a">Oxford world's classics (Oxford University Press)</subfield>
    <subfield code="9">11781</subfield>
  </datafield>
  <datafield tag="942" ind1=" " ind2=" ">
    <subfield code="2">ddc</subfield>
    <subfield code="c">BK</subfield>
  </datafield>
  <datafield tag="999" ind1=" " ind2=" ">
    <subfield code="c">185349</subfield>
    <subfield code="d">185349</subfield>
  </datafield>
  <datafield tag="952" ind1=" " ind2=" ">
    <subfield code="0">0</subfield>
    <subfield code="1">0</subfield>
    <subfield code="2">ddc</subfield>
    <subfield code="4">0</subfield>
    <subfield code="7">0</subfield>
    <subfield code="a">MCS</subfield>
    <subfield code="b">MCS</subfield>
    <subfield code="c">GEN</subfield>
    <subfield code="d">2016-12-12</subfield>
    <subfield code="o">823.8,HAR</subfield>
    <subfield code="p">MCS30764</subfield>
    <subfield code="r">2016-12-08</subfield>
    <subfield code="w">2016-12-12</subfield>
    <subfield code="y">BK</subfield>
    <subfield code="z">Almirah No.58, Shelf No.1</subfield>
  </datafield>
</record>
